Catálogo público

Formación de progenitores de resistencia en trigo a Puccinia graminis f. sp. tritici Erikss y Henne y a Puccinia striiformis West. a partir de las variedades Santa Elena y Bonza 55 / (Record no. 204732)

MARC details
000 -CABECERA
campo de control de longitud fija 01182nam a2200325Ia 4500
001 - NÚMERO DE CONTROL
campo de control Para_5948
003 - IDENTIFICADOR DEL NÚMERO DE CONTROL
campo de control CHAP
008 - DATOS DE LONGITUD FIJA--INFORMACIÓN GENERAL
campo de control de longitud fija 220125s1977 xx 000 0 und d
010 ## - NÚMERO DE CONTROL DE LA BIBLIOTECA DEL CONGRESO
Número de control de LC 204732
040 ## - FUENTE DE LA CATALOGACIÓN
Centro/agencia transcriptor CHAP
090 ## - LOCALMENTE ASIGNADO TIPO-LC NÚMERO DE CLASIFICACIÓN (OCLC); NÚMERO DE CLASIFICACIÓN LOCAL (RLIN)
Número de clasificación (OCLC) (R) ; Numero de clasificación, CALL (RLIN) (NR) PA TESIS 226
100 ## - ENTRADA PRINCIPAL--NOMBRE DE PERSONA
Nombre de persona Ortíz Barrera, Ramón
9 (RLIN) 83936
245 ## - MENCIÓN DE TÍTULO
Título Formación de progenitores de resistencia en trigo a Puccinia graminis f. sp. tritici Erikss y Henne y a Puccinia striiformis West. a partir de las variedades Santa Elena y Bonza 55 /
Mención de responsabilidad, etc. por Ramón Ortíz Barrera
260 ## - PUBLICACIÓN, DISTRIBUCIÓN, ETC.
Lugar de publicación, distribución, etc. Chapingo, Méx. :
Nombre del editor, distribuidor, etc. el autor
300 ## - DESCRIPCIÓN FÍSICA
Extensión 43 h.
502 ## - NOTA DE TESIS
Nota de tesis Tesis (Ing. Agr. Esp. en Parasitología Agrícola) ENA. Departamento Parasitología Agrícola
650 ## - PUNTO DE ACCESO ADICIONAL DE MATERIA--TÉRMINO DE MATERIA
Término de materia o nombre geográfico como elemento de entrada Puccinia graminis
9 (RLIN) 92822
650 ## - PUNTO DE ACCESO ADICIONAL DE MATERIA--TÉRMINO DE MATERIA
Término de materia o nombre geográfico como elemento de entrada Puccinia striiformis
9 (RLIN) 92831
650 ## - PUNTO DE ACCESO ADICIONAL DE MATERIA--TÉRMINO DE MATERIA
Término de materia o nombre geográfico como elemento de entrada Roya del trigo
9 (RLIN) 100390
650 ## - PUNTO DE ACCESO ADICIONAL DE MATERIA--TÉRMINO DE MATERIA
Término de materia o nombre geográfico como elemento de entrada Trigo
Subdivisión general enfermedades
9 (RLIN) 115017
650 ## - PUNTO DE ACCESO ADICIONAL DE MATERIA--TÉRMINO DE MATERIA
Término de materia o nombre geográfico como elemento de entrada Trigo
Subdivisión general variedades resistentes a enfermedades
9 (RLIN) 115120
710 ## - PUNTO DE ACCESO ADICIONAL--NOMBRE DE ENTIDAD CORPORATIVA
Nombre de entidad corporativa o nombre de jurisdicción como elemento de entrada ENA. Departamento Parasitología AGrícola
901 ## - ELEMENTOS DE DATOS A LOCAL LDA (RLIN)
a PA TESIS 226
902 ## - ELEMENTOS DE DATOS B LOCAL, LDB (RLIN)
a A
905 ## - ELEMENTOS DE DATOS E LOCAL, LDE (RLIN)
a 0000001977 0000000000 00
910 ## - DATOS DE OPCIÓN DEL USUARIO (OCLC)
Datos de opción del usuario 1977
942 ## - ELEMENTOS DE PUNTO DE ACCESO ADICIONAL (KOHA)
Tipo de ítem Koha Parasitologia_
942 ## - ELEMENTOS DE PUNTO DE ACCESO ADICIONAL (KOHA)
Tipo de ítem Koha Parasitologia_
-- 1
Holdings
Estado de retiro Estado de pérdida Fuente del sistema de clasificación o colocación Estado dañado Restricciones de uso No para préstamo Código de colección Localización permanente Ubicación/localización actual Fecha de adquisición Información codificada de la localización en otra ubicación Número de inventario Total de préstamos Signatura topográfica completa Código de barras Fecha visto por última vez Número de copia Precio válido a partir de Tipo de ítem Koha Nota pública
    Clasificación Universidad Autónoma de Chapingo   Préstamo 3 días   Tesis Parasitologia Agricola Parasitologia Agricola 27/10/2005 PARA (PA_3279-2) (No. UACh CONSUMO)   PA TESIS 226 4101000305 25/01/2022 Ej.2 25/01/2022 Tesis 3
    Clasificación Universidad Autónoma de Chapingo   Préstamo interno   Tesis Parasitologia Agricola Parasitologia Agricola 27/10/2005 PARA (PA_3279) (No. UACh CONSUMO)   PA TESIS 226 4101000304 25/01/2022 E.1 25/01/2022 Tesis 3